|
|
|
|
| LEADER |
02695nam a22003973i 4500 |
| 001 |
EBC30469282 |
| 003 |
MiAaPQ |
| 005 |
20231204023230.0 |
| 006 |
m o d | |
| 007 |
cr cnu|||||||| |
| 008 |
231204s2022 xx o ||||0 ger d |
| 020 |
|
|
|a 9783839452721
|q (electronic bk.)
|
| 035 |
|
|
|a (MiAaPQ)EBC30469282
|
| 035 |
|
|
|a (Au-PeEL)EBL30469282
|
| 035 |
|
|
|a (OCoLC)1346260520
|
| 040 |
|
|
|a MiAaPQ
|b eng
|e rda
|e pn
|c MiAaPQ
|d MiAaPQ
|
| 100 |
1 |
|
|a öhlich, Marie.
|
| 245 |
1 |
0 |
|a Politiken der Reproduktion :
|b Umkämpfte Forschungsperspektiven und Praxisfelder.
|
| 250 |
|
|
|a 1st ed.
|
| 264 |
|
1 |
|a Bielefeld :
|b Transcript Verlag,
|c 2022.
|
| 264 |
|
4 |
|c {copy}2022.
|
| 300 |
|
|
|a 1 online resource (318 pages)
|
| 336 |
|
|
|a text
|b txt
|2 rdacontent
|
| 337 |
|
|
|a computer
|b c
|2 rdamedia
|
| 338 |
|
|
|a online resource
|b cr
|2 rdacarrier
|
| 490 |
1 |
|
|a Gender Studies
|
| 505 |
0 |
|
|a Intro -- Inhalt -- Vorwort -- Politiken der Reproduktion -- Regulierungen von Reproduktion in Recht und Arbeitsmarkt -- The state's hands in our underpants -- Feministische gewerkschaftliche Zeitpolitik -- Politiken der Reproduktionssicherung -- Ambivalente Begriffe und politische Schauplätze -- Emanzipative Selbstbestimmung? -- Kinder denken -- Zum Wohle des Kindes? -- Strukturelle Ungleichheiten - individuelle Kämpfe? -- »ihr Leben nach den eigenen Vorstellungen gestalten zu können« - ? -- Gleiche Chancen für alle Schwangeren und Kinder? -- Doing Queer Reproduction -- »Machen Sie doch das Natürliche!« -- Warum wir von Reproduktiver Gerechtigkeit sprechen -- Best Practice? Einblicke in Versorgungszusammenhänge und Professionen -- »Weil das ist halt so ein heißer Brei, den will keiner anfassen.« -- »τ̔̈203A;Alles gut‹ gibt es nicht!« -- Die gute Entscheidung -- »Aiaiai, wenn ich das jetzt sage…« -- Beziehungsweise - Geschlechternormen und Sorgearbeit -- Kinder, Küche, Politik? -- Gelebte Verbindlichkeit, gefühlte Fragilität -- Der gute Wille allein reicht nicht -- Wissenschaft herausfordern -- Autor*innen.
|
| 588 |
|
|
|a Description based on publisher supplied metadata and other sources.
|
| 590 |
|
|
|a Electronic reproduction. Ann Arbor, Michigan : ProQuest Ebook Central, 2023. Available via World Wide Web. Access may be limited to ProQuest Ebook Central affiliated libraries.
|
| 655 |
|
4 |
|a Electronic books.
|
| 700 |
1 |
|
|a Schütz, Ronja.
|
| 700 |
1 |
|
|a Wolf, Katharina.
|
| 776 |
0 |
8 |
|i Print version:
|a öhlich, Marie
|t Politiken der Reproduktion
|d Bielefeld : Transcript Verlag,c2022
|
| 797 |
2 |
|
|a ProQuest (Firm)
|
| 830 |
|
0 |
|a Gender Studies
|
| 856 |
4 |
0 |
|u https://ebookcentral.proquest.com/lib/matrademy/detail.action?docID=30469282
|z Click to View
|